Normal view
MARC view
Entry Personal Name
001 - CONTROL NUMBER
- control field: 83522
003 - CONTROL NUMBER IDENTIFIER
- control field: dpl
005 - DATE AND TIME OF LATEST TRANSACTION
- control field: 20250731113122.0
008 - FIXED-LENGTH DATA ELEMENTS
- fixed length control field: 250731|| aca||aabn | a|a d
040 ## - CATALOGING SOURCE
- Original cataloging agency: dpl
- Transcribing agency: dpl
100 ## - HEADING--PERSONAL NAME
- Personal name: केवलिया मदन
670 ## - SOURCE DATA FOUND
- Source citation: Work cat.: (dpl)212742: केवलिया मदन, मोहम्मद उस्मान आरिफ़ ज़िन्दगी की धड़कने /
